Loading...
| Philosophy | 0 | 3 | 0 | 1 | 30 | 113 | 116.67 | 0 | 1 | 1.51 | 8.89 |
| Social Science | 0 | 3 | 1 | 1 | 25 | 87 | 104.33 | 0 | 2 | 5.29 | 6.94 |
| Fine Arts - Painting and Sculpture | 0 | 2 | 0 | 0 | 20 | 84 | 88.00 | 0 | 2 | 5.84 | 9.72 |
| Literature - World | 0 | 2 | 0 | 1 | 20 | 118 | 133.00 | 0 | 1 | 1.65 | 9.72 |
| Mythology | 0 | 2 | 1 | 1 | 15 | 139 | 142.50 | 0 | 0 | 0.00 | 4.17 |
| Literature - American | 0 | 1 | 0 | 0 | 10 | 133 | 133.00 | 0 | 0 | 0.36 | 1.39 |
| Literature - European | 0 | 1 | 0 | 0 | 10 | 117 | 117.00 | 0 | 0 | 0.95 | 2.78 |
| Geography | 0 | 1 | 0 | 1 | 10 | 135 | 135.00 | 0 | 0 | 0.00 | 8.33 |
| History - Other | 0 | 1 | 0 | 1 | 10 | 140 | 140.00 | 0 | 0 | 0.06 | 1.39 |
| History - World | 0 | 1 | 0 | 1 | 10 | 132 | 132.00 | 0 | 0 | -0.06 | 1.39 |
| History - American | 0 | 1 | 0 | 0 | 10 | 114 | 114.00 | 0 | 0 | 0.73 | 2.78 |
| Religion | 0 | 1 | 0 | 0 | 10 | 146 | 146.00 | 0 | 0 | 0.00 | 1.39 |
| Science - Chemistry | 0 | 1 | 0 | 1 | 10 | 120 | 120.00 | 0 | 1 | 0.00 | 1.39 |
| Literature - British | 0 | 0 | 1 | 0 | -5 | 0.00 | 0 | 0 | 0.00 | 0.00 |